5,110 days in Tokyo and everything's hunky-dory (Record no. 652)
[ view plain ]
| 000 -LEADER | |
|---|---|
| fixed length control field | 01246nam a22003014a 4500 |
| 082 04 - DEWEY DECIMAL CLASSIFICATION NUMBER | |
| Classification number | 659.1/0952 |
| 100 1# - MAIN ENTRY--AUTHOR NAME | |
| Personal name | Mooney, Sean, |
| 245 10 - TITLE STATEMENT | |
| Title | 5,110 days in Tokyo and everything's hunky-dory |
| 260 ## - PUBLICATION, DISTRIBUTION, ETC. (IMPRINT) | |
| Place of publication | Westport, Conn. : |
| Name of publisher | Quorum Books, |
| Year of publication | 2000. |
| 300 ## - PHYSICAL DESCRIPTION | |
| Number of Pages | xvi, 214 p. : |
| Other physical details | ill. |
| 650 #0 - SUBJECT ADDED ENTRY--TOPICAL TERM | |
| Topical Term | Advertising |
| 856 40 - ELECTRONIC LOCATION AND ACCESS | |
| Uniform Resource Identifier | http://site.ebrary.com/lib/rucke/Doc?id=5003887 |
No items available.
